000
00210 a2200097 4500
001
49488
100
_a
Treble
245
_a
Tales of heroism adventure
260
_a
Oxford
_b
Clarendam
_c
090
_c
32019
_d
32019
942
_a
NUST-CAE
_c
M
_c
24469
999
_c
284561
_d
284561